00209nam a22000857a 4500020001800000100002200018245003100040250001200071260004000083 a9780393912135 a Giddens, Anthony aIntroduction To Sociology a8th Edn aNewyorkbWW Nortion @ Companyc2012